<?xml version="1.0" encoding="UTF-8"?>
<record
    xmlns:xsi="http://www.w3.org/2001/XMLSchema-instance"
    xsi:schemaLocation="http://www.loc.gov/MARC21/slim http://www.loc.gov/standards/marcxml/schema/MARC21slim.xsd"
    xmlns="http://www.loc.gov/MARC21/slim">

  <leader>00368nam a22001457a 4500</leader>
  <datafield tag="020" ind1=" " ind2=" ">
    <subfield code="q">PB.</subfield>
  </datafield>
  <datafield tag="040" ind1=" " ind2=" ">
    <subfield code="c">FIZZA ISHAQ</subfield>
  </datafield>
  <datafield tag="082" ind1=" " ind2=" ">
    <subfield code="a">005.453</subfield>
    <subfield code="b">ALF</subfield>
  </datafield>
  <datafield tag="100" ind1=" " ind2=" ">
    <subfield code="a">AHO, V. ALFRED.</subfield>
    <subfield code="9">91166</subfield>
  </datafield>
  <datafield tag="245" ind1=" " ind2=" ">
    <subfield code="a">COMPILERS PRINCIPLES TECHNIQUES AND TOOLS /</subfield>
    <subfield code="c">ALFRED V. AHO.</subfield>
  </datafield>
  <datafield tag="250" ind1=" " ind2=" ">
    <subfield code="a">2nd ED.</subfield>
  </datafield>
  <datafield tag="260" ind1=" " ind2=" ">
    <subfield code="a">NEW DEHLI ;</subfield>
    <subfield code="b">PEARSON,</subfield>
    <subfield code="c">2006.</subfield>
  </datafield>
  <datafield tag="300" ind1=" " ind2=" ">
    <subfield code="a">1009 P. ;</subfield>
  </datafield>
  <datafield tag="942" ind1=" " ind2=" ">
    <subfield code="2">ddc</subfield>
    <subfield code="c">BK</subfield>
  </datafield>
  <datafield tag="999" ind1=" " ind2=" ">
    <subfield code="c">589626</subfield>
    <subfield code="d">589626</subfield>
  </datafield>
  <datafield tag="952" ind1=" " ind2=" ">
    <subfield code="0">0</subfield>
    <subfield code="1">0</subfield>
    <subfield code="2">ddc</subfield>
    <subfield code="4">0</subfield>
    <subfield code="7">0</subfield>
    <subfield code="a">NQC</subfield>
    <subfield code="b">NQC</subfield>
    <subfield code="d">2022-05-11</subfield>
    <subfield code="l">0</subfield>
    <subfield code="o">005.453 ALF</subfield>
    <subfield code="p">Q-4896</subfield>
    <subfield code="r">2022-05-11</subfield>
    <subfield code="w">2022-05-11</subfield>
    <subfield code="y">BK</subfield>
  </datafield>
  <datafield tag="952" ind1=" " ind2=" ">
    <subfield code="0">0</subfield>
    <subfield code="1">0</subfield>
    <subfield code="2">ddc</subfield>
    <subfield code="4">0</subfield>
    <subfield code="7">0</subfield>
    <subfield code="a">NQC</subfield>
    <subfield code="b">NQC</subfield>
    <subfield code="d">2022-05-11</subfield>
    <subfield code="l">0</subfield>
    <subfield code="o">005.453 ALF</subfield>
    <subfield code="p">Q-4897</subfield>
    <subfield code="r">2022-05-11</subfield>
    <subfield code="w">2022-05-11</subfield>
    <subfield code="y">BK</subfield>
  </datafield>
  <datafield tag="952" ind1=" " ind2=" ">
    <subfield code="0">0</subfield>
    <subfield code="1">0</subfield>
    <subfield code="2">ddc</subfield>
    <subfield code="4">0</subfield>
    <subfield code="7">0</subfield>
    <subfield code="a">NQC</subfield>
    <subfield code="b">NQC</subfield>
    <subfield code="d">2022-05-11</subfield>
    <subfield code="l">0</subfield>
    <subfield code="o">005.453 ALF</subfield>
    <subfield code="p">Q-4898</subfield>
    <subfield code="r">2022-05-11</subfield>
    <subfield code="w">2022-05-11</subfield>
    <subfield code="y">BK</subfield>
  </datafield>
  <datafield tag="952" ind1=" " ind2=" ">
    <subfield code="0">0</subfield>
    <subfield code="1">0</subfield>
    <subfield code="2">ddc</subfield>
    <subfield code="4">0</subfield>
    <subfield code="7">0</subfield>
    <subfield code="a">NQC</subfield>
    <subfield code="b">NQC</subfield>
    <subfield code="d">2022-05-11</subfield>
    <subfield code="l">0</subfield>
    <subfield code="o">005.453 ALF</subfield>
    <subfield code="p">Q-4899</subfield>
    <subfield code="r">2022-05-11</subfield>
    <subfield code="w">2022-05-11</subfield>
    <subfield code="y">BK</subfield>
  </datafield>
  <datafield tag="952" ind1=" " ind2=" ">
    <subfield code="0">0</subfield>
    <subfield code="1">0</subfield>
    <subfield code="2">ddc</subfield>
    <subfield code="4">0</subfield>
    <subfield code="7">0</subfield>
    <subfield code="a">NQC</subfield>
    <subfield code="b">NQC</subfield>
    <subfield code="d">2022-05-11</subfield>
    <subfield code="l">0</subfield>
    <subfield code="o">005.453 ALF</subfield>
    <subfield code="p">Q-4900</subfield>
    <subfield code="r">2022-05-11</subfield>
    <subfield code="w">2022-05-11</subfield>
    <subfield code="y">BK</subfield>
  </datafield>
  <datafield tag="952" ind1=" " ind2=" ">
    <subfield code="0">0</subfield>
    <subfield code="1">0</subfield>
    <subfield code="2">ddc</subfield>
    <subfield code="4">0</subfield>
    <subfield code="7">0</subfield>
    <subfield code="a">NQC</subfield>
    <subfield code="b">NQC</subfield>
    <subfield code="d">2022-05-11</subfield>
    <subfield code="l">0</subfield>
    <subfield code="o">005.453 ALF</subfield>
    <subfield code="p">Q-4901</subfield>
    <subfield code="r">2022-05-11</subfield>
    <subfield code="w">2022-05-11</subfield>
    <subfield code="y">BK</subfield>
  </datafield>
  <datafield tag="952" ind1=" " ind2=" ">
    <subfield code="0">0</subfield>
    <subfield code="1">0</subfield>
    <subfield code="2">ddc</subfield>
    <subfield code="4">0</subfield>
    <subfield code="7">0</subfield>
    <subfield code="a">NQC</subfield>
    <subfield code="b">NQC</subfield>
    <subfield code="d">2022-05-11</subfield>
    <subfield code="l">0</subfield>
    <subfield code="o">005.453 ALF</subfield>
    <subfield code="p">Q-4902</subfield>
    <subfield code="r">2022-05-11</subfield>
    <subfield code="w">2022-05-11</subfield>
    <subfield code="y">BK</subfield>
  </datafield>
  <datafield tag="952" ind1=" " ind2=" ">
    <subfield code="0">0</subfield>
    <subfield code="1">0</subfield>
    <subfield code="2">ddc</subfield>
    <subfield code="4">0</subfield>
    <subfield code="7">0</subfield>
    <subfield code="a">NQC</subfield>
    <subfield code="b">NQC</subfield>
    <subfield code="d">2022-05-11</subfield>
    <subfield code="l">0</subfield>
    <subfield code="o">005.453 ALF</subfield>
    <subfield code="p">Q-4903</subfield>
    <subfield code="r">2022-05-11</subfield>
    <subfield code="w">2022-05-11</subfield>
    <subfield code="y">BK</subfield>
  </datafield>
  <datafield tag="952" ind1=" " ind2=" ">
    <subfield code="0">0</subfield>
    <subfield code="1">0</subfield>
    <subfield code="2">ddc</subfield>
    <subfield code="4">0</subfield>
    <subfield code="7">0</subfield>
    <subfield code="a">NQC</subfield>
    <subfield code="b">NQC</subfield>
    <subfield code="d">2022-05-11</subfield>
    <subfield code="l">0</subfield>
    <subfield code="o">005.453 ALF</subfield>
    <subfield code="p">Q-4904</subfield>
    <subfield code="r">2022-05-11</subfield>
    <subfield code="w">2022-05-11</subfield>
    <subfield code="y">BK</subfield>
  </datafield>
  <datafield tag="952" ind1=" " ind2=" ">
    <subfield code="0">0</subfield>
    <subfield code="1">0</subfield>
    <subfield code="2">ddc</subfield>
    <subfield code="4">0</subfield>
    <subfield code="7">0</subfield>
    <subfield code="a">NQC</subfield>
    <subfield code="b">NQC</subfield>
    <subfield code="d">2022-05-11</subfield>
    <subfield code="l">0</subfield>
    <subfield code="o">005.453 ALF</subfield>
    <subfield code="p">Q-4905</subfield>
    <subfield code="r">2022-05-11</subfield>
    <subfield code="w">2022-05-11</subfield>
    <subfield code="y">BK</subfield>
  </datafield>
  <datafield tag="952" ind1=" " ind2=" ">
    <subfield code="0">0</subfield>
    <subfield code="1">0</subfield>
    <subfield code="2">ddc</subfield>
    <subfield code="4">0</subfield>
    <subfield code="7">0</subfield>
    <subfield code="a">NQC</subfield>
    <subfield code="b">NQC</subfield>
    <subfield code="d">2022-05-11</subfield>
    <subfield code="l">0</subfield>
    <subfield code="o">005.453 ALF</subfield>
    <subfield code="p">Q-4906</subfield>
    <subfield code="r">2022-05-11</subfield>
    <subfield code="w">2022-05-11</subfield>
    <subfield code="y">BK</subfield>
  </datafield>
  <datafield tag="952" ind1=" " ind2=" ">
    <subfield code="0">0</subfield>
    <subfield code="1">0</subfield>
    <subfield code="2">ddc</subfield>
    <subfield code="4">0</subfield>
    <subfield code="7">0</subfield>
    <subfield code="a">NQC</subfield>
    <subfield code="b">NQC</subfield>
    <subfield code="d">2022-05-11</subfield>
    <subfield code="l">0</subfield>
    <subfield code="o">005.453 ALF</subfield>
    <subfield code="p">Q-4907</subfield>
    <subfield code="r">2022-05-11</subfield>
    <subfield code="w">2022-05-11</subfield>
    <subfield code="y">BK</subfield>
  </datafield>
  <datafield tag="952" ind1=" " ind2=" ">
    <subfield code="0">0</subfield>
    <subfield code="1">0</subfield>
    <subfield code="2">ddc</subfield>
    <subfield code="4">0</subfield>
    <subfield code="7">0</subfield>
    <subfield code="a">NQC</subfield>
    <subfield code="b">NQC</subfield>
    <subfield code="d">2022-05-11</subfield>
    <subfield code="l">0</subfield>
    <subfield code="o">005.453 ALF</subfield>
    <subfield code="p">Q-4908</subfield>
    <subfield code="r">2022-05-11</subfield>
    <subfield code="w">2022-05-11</subfield>
    <subfield code="y">BK</subfield>
  </datafield>
  <datafield tag="952" ind1=" " ind2=" ">
    <subfield code="0">0</subfield>
    <subfield code="1">0</subfield>
    <subfield code="2">ddc</subfield>
    <subfield code="4">0</subfield>
    <subfield code="7">0</subfield>
    <subfield code="a">NQC</subfield>
    <subfield code="b">NQC</subfield>
    <subfield code="d">2022-05-11</subfield>
    <subfield code="l">0</subfield>
    <subfield code="o">005.453 ALF</subfield>
    <subfield code="p">Q-4909</subfield>
    <subfield code="r">2022-05-11</subfield>
    <subfield code="w">2022-05-11</subfield>
    <subfield code="y">BK</subfield>
  </datafield>
  <datafield tag="952" ind1=" " ind2=" ">
    <subfield code="0">0</subfield>
    <subfield code="1">0</subfield>
    <subfield code="2">ddc</subfield>
    <subfield code="4">0</subfield>
    <subfield code="7">0</subfield>
    <subfield code="a">NQC</subfield>
    <subfield code="b">NQC</subfield>
    <subfield code="d">2022-05-11</subfield>
    <subfield code="l">0</subfield>
    <subfield code="o">005.453 ALF</subfield>
    <subfield code="p">Q-4910</subfield>
    <subfield code="r">2022-05-11</subfield>
    <subfield code="w">2022-05-11</subfield>
    <subfield code="y">BK</subfield>
  </datafield>
  <datafield tag="952" ind1=" " ind2=" ">
    <subfield code="0">0</subfield>
    <subfield code="1">0</subfield>
    <subfield code="2">ddc</subfield>
    <subfield code="4">0</subfield>
    <subfield code="7">0</subfield>
    <subfield code="a">NQC</subfield>
    <subfield code="b">NQC</subfield>
    <subfield code="d">2022-05-11</subfield>
    <subfield code="l">0</subfield>
    <subfield code="o">005.453 ALF</subfield>
    <subfield code="p">Q-4911</subfield>
    <subfield code="r">2022-05-11</subfield>
    <subfield code="w">2022-05-11</subfield>
    <subfield code="y">BK</subfield>
  </datafield>
  <datafield tag="952" ind1=" " ind2=" ">
    <subfield code="0">0</subfield>
    <subfield code="1">0</subfield>
    <subfield code="2">ddc</subfield>
    <subfield code="4">0</subfield>
    <subfield code="7">0</subfield>
    <subfield code="a">NQC</subfield>
    <subfield code="b">NQC</subfield>
    <subfield code="d">2022-05-11</subfield>
    <subfield code="l">0</subfield>
    <subfield code="o">005.453 ALF</subfield>
    <subfield code="p">Q-4912</subfield>
    <subfield code="r">2022-05-11</subfield>
    <subfield code="w">2022-05-11</subfield>
    <subfield code="y">BK</subfield>
  </datafield>
  <datafield tag="952" ind1=" " ind2=" ">
    <subfield code="0">0</subfield>
    <subfield code="1">0</subfield>
    <subfield code="2">ddc</subfield>
    <subfield code="4">0</subfield>
    <subfield code="7">0</subfield>
    <subfield code="a">NQC</subfield>
    <subfield code="b">NQC</subfield>
    <subfield code="d">2022-05-11</subfield>
    <subfield code="l">0</subfield>
    <subfield code="o">005.453 ALF</subfield>
    <subfield code="p">Q-4913</subfield>
    <subfield code="r">2022-05-11</subfield>
    <subfield code="w">2022-05-11</subfield>
    <subfield code="y">BK</subfield>
  </datafield>
  <datafield tag="952" ind1=" " ind2=" ">
    <subfield code="0">0</subfield>
    <subfield code="1">0</subfield>
    <subfield code="2">ddc</subfield>
    <subfield code="4">0</subfield>
    <subfield code="7">0</subfield>
    <subfield code="a">NQC</subfield>
    <subfield code="b">NQC</subfield>
    <subfield code="d">2022-05-11</subfield>
    <subfield code="l">0</subfield>
    <subfield code="o">005.453 ALF</subfield>
    <subfield code="p">Q-4914</subfield>
    <subfield code="r">2022-05-11</subfield>
    <subfield code="w">2022-05-11</subfield>
    <subfield code="y">BK</subfield>
  </datafield>
  <datafield tag="952" ind1=" " ind2=" ">
    <subfield code="0">0</subfield>
    <subfield code="1">0</subfield>
    <subfield code="2">ddc</subfield>
    <subfield code="4">0</subfield>
    <subfield code="7">0</subfield>
    <subfield code="a">NQC</subfield>
    <subfield code="b">NQC</subfield>
    <subfield code="d">2022-05-11</subfield>
    <subfield code="l">0</subfield>
    <subfield code="o">005.453 ALF</subfield>
    <subfield code="p">Q-4915</subfield>
    <subfield code="r">2022-05-11</subfield>
    <subfield code="w">2022-05-11</subfield>
    <subfield code="y">BK</subfield>
  </datafield>
  <datafield tag="952" ind1=" " ind2=" ">
    <subfield code="0">0</subfield>
    <subfield code="1">0</subfield>
    <subfield code="2">ddc</subfield>
    <subfield code="4">0</subfield>
    <subfield code="7">0</subfield>
    <subfield code="a">NQC</subfield>
    <subfield code="b">NQC</subfield>
    <subfield code="d">2022-05-11</subfield>
    <subfield code="l">0</subfield>
    <subfield code="o">005.453 ALF</subfield>
    <subfield code="p">Q-4916</subfield>
    <subfield code="r">2022-05-11</subfield>
    <subfield code="w">2022-05-11</subfield>
    <subfield code="y">BK</subfield>
  </datafield>
  <datafield tag="952" ind1=" " ind2=" ">
    <subfield code="0">0</subfield>
    <subfield code="1">0</subfield>
    <subfield code="2">ddc</subfield>
    <subfield code="4">0</subfield>
    <subfield code="7">0</subfield>
    <subfield code="a">NQC</subfield>
    <subfield code="b">NQC</subfield>
    <subfield code="d">2022-05-11</subfield>
    <subfield code="l">0</subfield>
    <subfield code="o">005.453 ALF</subfield>
    <subfield code="p">Q-4917</subfield>
    <subfield code="r">2022-05-11</subfield>
    <subfield code="w">2022-05-11</subfield>
    <subfield code="y">BK</subfield>
  </datafield>
  <datafield tag="952" ind1=" " ind2=" ">
    <subfield code="0">0</subfield>
    <subfield code="1">0</subfield>
    <subfield code="2">ddc</subfield>
    <subfield code="4">0</subfield>
    <subfield code="7">0</subfield>
    <subfield code="a">NQC</subfield>
    <subfield code="b">NQC</subfield>
    <subfield code="d">2022-05-11</subfield>
    <subfield code="l">0</subfield>
    <subfield code="o">005.453 ALF</subfield>
    <subfield code="p">Q-4918</subfield>
    <subfield code="r">2022-05-11</subfield>
    <subfield code="w">2022-05-11</subfield>
    <subfield code="y">BK</subfield>
  </datafield>
  <datafield tag="952" ind1=" " ind2=" ">
    <subfield code="0">0</subfield>
    <subfield code="1">0</subfield>
    <subfield code="2">ddc</subfield>
    <subfield code="4">0</subfield>
    <subfield code="7">0</subfield>
    <subfield code="a">NQC</subfield>
    <subfield code="b">NQC</subfield>
    <subfield code="d">2022-05-11</subfield>
    <subfield code="l">0</subfield>
    <subfield code="o">005.453 ALF</subfield>
    <subfield code="p">Q-4919</subfield>
    <subfield code="r">2022-05-11</subfield>
    <subfield code="w">2022-05-11</subfield>
    <subfield code="y">BK</subfield>
  </datafield>
  <datafield tag="952" ind1=" " ind2=" ">
    <subfield code="0">0</subfield>
    <subfield code="1">0</subfield>
    <subfield code="2">ddc</subfield>
    <subfield code="4">0</subfield>
    <subfield code="7">0</subfield>
    <subfield code="a">NQC</subfield>
    <subfield code="b">NQC</subfield>
    <subfield code="d">2022-05-11</subfield>
    <subfield code="l">0</subfield>
    <subfield code="o">005.453 ALF</subfield>
    <subfield code="p">Q-4920</subfield>
    <subfield code="r">2022-05-11</subfield>
    <subfield code="w">2022-05-11</subfield>
    <subfield code="y">BK</subfield>
  </datafield>
  <datafield tag="952" ind1=" " ind2=" ">
    <subfield code="0">0</subfield>
    <subfield code="1">0</subfield>
    <subfield code="2">ddc</subfield>
    <subfield code="4">0</subfield>
    <subfield code="7">0</subfield>
    <subfield code="a">NQC</subfield>
    <subfield code="b">NQC</subfield>
    <subfield code="d">2022-05-11</subfield>
    <subfield code="l">0</subfield>
    <subfield code="o">005.453 ALF</subfield>
    <subfield code="p">Q-4921</subfield>
    <subfield code="r">2022-05-11</subfield>
    <subfield code="w">2022-05-11</subfield>
    <subfield code="y">BK</subfield>
  </datafield>
  <datafield tag="952" ind1=" " ind2=" ">
    <subfield code="0">0</subfield>
    <subfield code="1">0</subfield>
    <subfield code="2">ddc</subfield>
    <subfield code="4">0</subfield>
    <subfield code="7">0</subfield>
    <subfield code="a">NQC</subfield>
    <subfield code="b">NQC</subfield>
    <subfield code="d">2022-05-11</subfield>
    <subfield code="l">0</subfield>
    <subfield code="o">005.453 ALF</subfield>
    <subfield code="p">Q-4922</subfield>
    <subfield code="r">2022-05-11</subfield>
    <subfield code="w">2022-05-11</subfield>
    <subfield code="y">BK</subfield>
  </datafield>
  <datafield tag="952" ind1=" " ind2=" ">
    <subfield code="0">0</subfield>
    <subfield code="1">0</subfield>
    <subfield code="2">ddc</subfield>
    <subfield code="4">0</subfield>
    <subfield code="7">0</subfield>
    <subfield code="a">NQC</subfield>
    <subfield code="b">NQC</subfield>
    <subfield code="d">2022-05-11</subfield>
    <subfield code="l">0</subfield>
    <subfield code="o">005.453 ALF</subfield>
    <subfield code="p">Q-4923</subfield>
    <subfield code="r">2022-05-11</subfield>
    <subfield code="w">2022-05-11</subfield>
    <subfield code="y">BK</subfield>
  </datafield>
  <datafield tag="952" ind1=" " ind2=" ">
    <subfield code="0">0</subfield>
    <subfield code="1">0</subfield>
    <subfield code="2">ddc</subfield>
    <subfield code="4">0</subfield>
    <subfield code="7">0</subfield>
    <subfield code="a">NQC</subfield>
    <subfield code="b">NQC</subfield>
    <subfield code="d">2022-05-11</subfield>
    <subfield code="l">0</subfield>
    <subfield code="o">005.453 ALF</subfield>
    <subfield code="p">Q-4924</subfield>
    <subfield code="r">2022-05-11</subfield>
    <subfield code="w">2022-05-11</subfield>
    <subfield code="y">BK</subfield>
  </datafield>
  <datafield tag="952" ind1=" " ind2=" ">
    <subfield code="0">0</subfield>
    <subfield code="1">0</subfield>
    <subfield code="2">ddc</subfield>
    <subfield code="4">0</subfield>
    <subfield code="7">0</subfield>
    <subfield code="a">NQC</subfield>
    <subfield code="b">NQC</subfield>
    <subfield code="d">2022-05-11</subfield>
    <subfield code="l">0</subfield>
    <subfield code="o">005.453 ALF</subfield>
    <subfield code="p">Q-4925</subfield>
    <subfield code="r">2022-05-11</subfield>
    <subfield code="w">2022-05-11</subfield>
    <subfield code="y">BK</subfield>
  </datafield>
  <datafield tag="952" ind1=" " ind2=" ">
    <subfield code="0">0</subfield>
    <subfield code="1">0</subfield>
    <subfield code="2">ddc</subfield>
    <subfield code="4">0</subfield>
    <subfield code="7">0</subfield>
    <subfield code="a">NQC</subfield>
    <subfield code="b">NQC</subfield>
    <subfield code="d">2022-05-11</subfield>
    <subfield code="l">0</subfield>
    <subfield code="o">005.453 ALF</subfield>
    <subfield code="p">Q-4926</subfield>
    <subfield code="r">2022-05-11</subfield>
    <subfield code="w">2022-05-11</subfield>
    <subfield code="y">BK</subfield>
  </datafield>
  <datafield tag="952" ind1=" " ind2=" ">
    <subfield code="0">0</subfield>
    <subfield code="1">0</subfield>
    <subfield code="2">ddc</subfield>
    <subfield code="4">0</subfield>
    <subfield code="7">0</subfield>
    <subfield code="a">NQC</subfield>
    <subfield code="b">NQC</subfield>
    <subfield code="d">2022-05-11</subfield>
    <subfield code="l">0</subfield>
    <subfield code="o">005.453 ALF</subfield>
    <subfield code="p">Q-4927</subfield>
    <subfield code="r">2022-05-11</subfield>
    <subfield code="w">2022-05-11</subfield>
    <subfield code="y">BK</subfield>
  </datafield>
  <datafield tag="952" ind1=" " ind2=" ">
    <subfield code="0">0</subfield>
    <subfield code="1">0</subfield>
    <subfield code="2">ddc</subfield>
    <subfield code="4">0</subfield>
    <subfield code="7">0</subfield>
    <subfield code="a">NQC</subfield>
    <subfield code="b">NQC</subfield>
    <subfield code="d">2022-05-11</subfield>
    <subfield code="l">0</subfield>
    <subfield code="o">005.453 ALF</subfield>
    <subfield code="p">Q-4928</subfield>
    <subfield code="r">2022-05-11</subfield>
    <subfield code="w">2022-05-11</subfield>
    <subfield code="y">BK</subfield>
  </datafield>
  <datafield tag="952" ind1=" " ind2=" ">
    <subfield code="0">0</subfield>
    <subfield code="1">0</subfield>
    <subfield code="2">ddc</subfield>
    <subfield code="4">0</subfield>
    <subfield code="7">0</subfield>
    <subfield code="a">NQC</subfield>
    <subfield code="b">NQC</subfield>
    <subfield code="d">2022-05-11</subfield>
    <subfield code="l">0</subfield>
    <subfield code="o">005.453 ALF</subfield>
    <subfield code="p">Q-4929</subfield>
    <subfield code="r">2022-05-11</subfield>
    <subfield code="w">2022-05-11</subfield>
    <subfield code="y">BK</subfield>
  </datafield>
  <datafield tag="952" ind1=" " ind2=" ">
    <subfield code="0">0</subfield>
    <subfield code="1">0</subfield>
    <subfield code="2">ddc</subfield>
    <subfield code="4">0</subfield>
    <subfield code="7">0</subfield>
    <subfield code="a">NQC</subfield>
    <subfield code="b">NQC</subfield>
    <subfield code="d">2022-05-11</subfield>
    <subfield code="l">0</subfield>
    <subfield code="o">005.453 ALF</subfield>
    <subfield code="p">Q-4930</subfield>
    <subfield code="r">2022-05-11</subfield>
    <subfield code="w">2022-05-11</subfield>
    <subfield code="y">BK</subfield>
  </datafield>
  <datafield tag="952" ind1=" " ind2=" ">
    <subfield code="0">0</subfield>
    <subfield code="1">0</subfield>
    <subfield code="2">ddc</subfield>
    <subfield code="4">0</subfield>
    <subfield code="7">0</subfield>
    <subfield code="a">NQC</subfield>
    <subfield code="b">NQC</subfield>
    <subfield code="d">2022-05-11</subfield>
    <subfield code="l">0</subfield>
    <subfield code="o">005.453 ALF</subfield>
    <subfield code="p">Q-4931</subfield>
    <subfield code="r">2022-05-11</subfield>
    <subfield code="w">2022-05-11</subfield>
    <subfield code="y">BK</subfield>
  </datafield>
  <datafield tag="952" ind1=" " ind2=" ">
    <subfield code="0">0</subfield>
    <subfield code="1">0</subfield>
    <subfield code="2">ddc</subfield>
    <subfield code="4">0</subfield>
    <subfield code="7">0</subfield>
    <subfield code="a">NQC</subfield>
    <subfield code="b">NQC</subfield>
    <subfield code="d">2022-05-11</subfield>
    <subfield code="l">0</subfield>
    <subfield code="o">005.453 ALF</subfield>
    <subfield code="p">Q-4932</subfield>
    <subfield code="r">2022-05-11</subfield>
    <subfield code="w">2022-05-11</subfield>
    <subfield code="y">BK</subfield>
  </datafield>
  <datafield tag="952" ind1=" " ind2=" ">
    <subfield code="0">0</subfield>
    <subfield code="1">0</subfield>
    <subfield code="2">ddc</subfield>
    <subfield code="4">0</subfield>
    <subfield code="7">0</subfield>
    <subfield code="a">NQC</subfield>
    <subfield code="b">NQC</subfield>
    <subfield code="d">2022-05-11</subfield>
    <subfield code="l">0</subfield>
    <subfield code="o">005.453 ALF</subfield>
    <subfield code="p">Q-4933</subfield>
    <subfield code="r">2022-05-11</subfield>
    <subfield code="w">2022-05-11</subfield>
    <subfield code="y">BK</subfield>
  </datafield>
  <datafield tag="952" ind1=" " ind2=" ">
    <subfield code="0">0</subfield>
    <subfield code="1">0</subfield>
    <subfield code="2">ddc</subfield>
    <subfield code="4">0</subfield>
    <subfield code="7">0</subfield>
    <subfield code="a">NQC</subfield>
    <subfield code="b">NQC</subfield>
    <subfield code="d">2022-05-11</subfield>
    <subfield code="l">0</subfield>
    <subfield code="o">005.453 ALF</subfield>
    <subfield code="p">Q-4934</subfield>
    <subfield code="r">2022-05-11</subfield>
    <subfield code="w">2022-05-11</subfield>
    <subfield code="y">BK</subfield>
  </datafield>
  <datafield tag="952" ind1=" " ind2=" ">
    <subfield code="0">0</subfield>
    <subfield code="1">0</subfield>
    <subfield code="2">ddc</subfield>
    <subfield code="4">0</subfield>
    <subfield code="7">0</subfield>
    <subfield code="a">NQC</subfield>
    <subfield code="b">NQC</subfield>
    <subfield code="d">2022-05-11</subfield>
    <subfield code="l">0</subfield>
    <subfield code="o">005.453 ALF</subfield>
    <subfield code="p">Q-4935</subfield>
    <subfield code="r">2022-05-11</subfield>
    <subfield code="w">2022-05-11</subfield>
    <subfield code="y">BK</subfield>
  </datafield>
  <datafield tag="952" ind1=" " ind2=" ">
    <subfield code="0">0</subfield>
    <subfield code="1">0</subfield>
    <subfield code="2">ddc</subfield>
    <subfield code="4">0</subfield>
    <subfield code="7">0</subfield>
    <subfield code="a">NQC</subfield>
    <subfield code="b">NQC</subfield>
    <subfield code="d">2022-05-11</subfield>
    <subfield code="l">0</subfield>
    <subfield code="o">005.453 ALF</subfield>
    <subfield code="p">Q-4936</subfield>
    <subfield code="r">2022-05-11</subfield>
    <subfield code="w">2022-05-11</subfield>
    <subfield code="y">BK</subfield>
  </datafield>
  <datafield tag="952" ind1=" " ind2=" ">
    <subfield code="0">0</subfield>
    <subfield code="1">0</subfield>
    <subfield code="2">ddc</subfield>
    <subfield code="4">0</subfield>
    <subfield code="7">0</subfield>
    <subfield code="a">NQC</subfield>
    <subfield code="b">NQC</subfield>
    <subfield code="d">2022-05-11</subfield>
    <subfield code="l">0</subfield>
    <subfield code="o">005.453 ALF</subfield>
    <subfield code="p">Q-4937</subfield>
    <subfield code="r">2022-05-11</subfield>
    <subfield code="w">2022-05-11</subfield>
    <subfield code="y">BK</subfield>
  </datafield>
  <datafield tag="952" ind1=" " ind2=" ">
    <subfield code="0">0</subfield>
    <subfield code="1">0</subfield>
    <subfield code="2">ddc</subfield>
    <subfield code="4">0</subfield>
    <subfield code="7">0</subfield>
    <subfield code="a">NQC</subfield>
    <subfield code="b">NQC</subfield>
    <subfield code="d">2022-05-11</subfield>
    <subfield code="l">0</subfield>
    <subfield code="o">005.453 ALF</subfield>
    <subfield code="p">Q-4938</subfield>
    <subfield code="r">2022-05-11</subfield>
    <subfield code="w">2022-05-11</subfield>
    <subfield code="y">BK</subfield>
  </datafield>
  <datafield tag="952" ind1=" " ind2=" ">
    <subfield code="0">0</subfield>
    <subfield code="1">0</subfield>
    <subfield code="2">ddc</subfield>
    <subfield code="4">0</subfield>
    <subfield code="7">0</subfield>
    <subfield code="a">NQC</subfield>
    <subfield code="b">NQC</subfield>
    <subfield code="d">2022-05-11</subfield>
    <subfield code="l">0</subfield>
    <subfield code="o">005.453 ALF</subfield>
    <subfield code="p">Q-4939</subfield>
    <subfield code="r">2022-05-11</subfield>
    <subfield code="w">2022-05-11</subfield>
    <subfield code="y">BK</subfield>
  </datafield>
  <datafield tag="952" ind1=" " ind2=" ">
    <subfield code="0">0</subfield>
    <subfield code="1">0</subfield>
    <subfield code="2">ddc</subfield>
    <subfield code="4">0</subfield>
    <subfield code="7">0</subfield>
    <subfield code="a">NQC</subfield>
    <subfield code="b">NQC</subfield>
    <subfield code="d">2022-05-11</subfield>
    <subfield code="l">0</subfield>
    <subfield code="o">005.453 ALF</subfield>
    <subfield code="p">Q-4940</subfield>
    <subfield code="r">2022-05-11</subfield>
    <subfield code="w">2022-05-11</subfield>
    <subfield code="y">BK</subfield>
  </datafield>
  <datafield tag="952" ind1=" " ind2=" ">
    <subfield code="0">0</subfield>
    <subfield code="1">0</subfield>
    <subfield code="2">ddc</subfield>
    <subfield code="4">0</subfield>
    <subfield code="7">0</subfield>
    <subfield code="a">NQC</subfield>
    <subfield code="b">NQC</subfield>
    <subfield code="d">2022-05-11</subfield>
    <subfield code="l">0</subfield>
    <subfield code="o">005.453 ALF</subfield>
    <subfield code="p">Q-4941</subfield>
    <subfield code="r">2022-05-11</subfield>
    <subfield code="w">2022-05-11</subfield>
    <subfield code="y">BK</subfield>
  </datafield>
  <datafield tag="952" ind1=" " ind2=" ">
    <subfield code="0">0</subfield>
    <subfield code="1">0</subfield>
    <subfield code="2">ddc</subfield>
    <subfield code="4">0</subfield>
    <subfield code="7">0</subfield>
    <subfield code="a">NQC</subfield>
    <subfield code="b">NQC</subfield>
    <subfield code="d">2022-05-11</subfield>
    <subfield code="l">0</subfield>
    <subfield code="o">005.453 ALF</subfield>
    <subfield code="p">Q-4942</subfield>
    <subfield code="r">2022-05-11</subfield>
    <subfield code="w">2022-05-11</subfield>
    <subfield code="y">BK</subfield>
  </datafield>
  <datafield tag="952" ind1=" " ind2=" ">
    <subfield code="0">0</subfield>
    <subfield code="1">0</subfield>
    <subfield code="2">ddc</subfield>
    <subfield code="4">0</subfield>
    <subfield code="7">0</subfield>
    <subfield code="a">NQC</subfield>
    <subfield code="b">NQC</subfield>
    <subfield code="d">2022-05-11</subfield>
    <subfield code="l">0</subfield>
    <subfield code="o">005.453 ALF</subfield>
    <subfield code="p">Q-4943</subfield>
    <subfield code="r">2022-05-11</subfield>
    <subfield code="w">2022-05-11</subfield>
    <subfield code="y">BK</subfield>
  </datafield>
  <datafield tag="952" ind1=" " ind2=" ">
    <subfield code="0">0</subfield>
    <subfield code="1">0</subfield>
    <subfield code="2">ddc</subfield>
    <subfield code="4">0</subfield>
    <subfield code="7">0</subfield>
    <subfield code="a">NQC</subfield>
    <subfield code="b">NQC</subfield>
    <subfield code="d">2022-05-11</subfield>
    <subfield code="l">0</subfield>
    <subfield code="o">005.453 ALF</subfield>
    <subfield code="p">Q-4944</subfield>
    <subfield code="r">2022-05-11</subfield>
    <subfield code="w">2022-05-11</subfield>
    <subfield code="y">BK</subfield>
  </datafield>
  <datafield tag="952" ind1=" " ind2=" ">
    <subfield code="0">0</subfield>
    <subfield code="1">0</subfield>
    <subfield code="2">ddc</subfield>
    <subfield code="4">0</subfield>
    <subfield code="7">0</subfield>
    <subfield code="a">NQC</subfield>
    <subfield code="b">NQC</subfield>
    <subfield code="d">2022-05-11</subfield>
    <subfield code="l">0</subfield>
    <subfield code="o">005.453 ALF</subfield>
    <subfield code="p">Q-4945</subfield>
    <subfield code="r">2022-05-11</subfield>
    <subfield code="w">2022-05-11</subfield>
    <subfield code="y">BK</subfield>
  </datafield>
  <datafield tag="952" ind1=" " ind2=" ">
    <subfield code="0">0</subfield>
    <subfield code="1">0</subfield>
    <subfield code="2">ddc</subfield>
    <subfield code="4">0</subfield>
    <subfield code="7">0</subfield>
    <subfield code="a">NQC</subfield>
    <subfield code="b">NQC</subfield>
    <subfield code="d">2022-05-11</subfield>
    <subfield code="l">0</subfield>
    <subfield code="o">005.453 ALF</subfield>
    <subfield code="p">Q-4946</subfield>
    <subfield code="r">2022-05-11</subfield>
    <subfield code="w">2022-05-11</subfield>
    <subfield code="y">BK</subfield>
  </datafield>
  <datafield tag="952" ind1=" " ind2=" ">
    <subfield code="0">0</subfield>
    <subfield code="1">0</subfield>
    <subfield code="2">ddc</subfield>
    <subfield code="4">0</subfield>
    <subfield code="7">0</subfield>
    <subfield code="a">NQC</subfield>
    <subfield code="b">NQC</subfield>
    <subfield code="d">2022-05-11</subfield>
    <subfield code="l">0</subfield>
    <subfield code="o">005.453 ALF</subfield>
    <subfield code="p">Q-4947</subfield>
    <subfield code="r">2022-05-11</subfield>
    <subfield code="w">2022-05-11</subfield>
    <subfield code="y">BK</subfield>
  </datafield>
  <datafield tag="952" ind1=" " ind2=" ">
    <subfield code="0">0</subfield>
    <subfield code="1">0</subfield>
    <subfield code="2">ddc</subfield>
    <subfield code="4">0</subfield>
    <subfield code="7">0</subfield>
    <subfield code="a">NQC</subfield>
    <subfield code="b">NQC</subfield>
    <subfield code="d">2022-05-11</subfield>
    <subfield code="l">0</subfield>
    <subfield code="o">005.453 ALF</subfield>
    <subfield code="p">Q-4948</subfield>
    <subfield code="r">2022-05-11</subfield>
    <subfield code="w">2022-05-11</subfield>
    <subfield code="y">BK</subfield>
  </datafield>
</record>
